La Academia Jurídica según Owen Fiss (Registro nro. 21706)

Detalles MARC
000 -LEADER
fixed length control field 00314 a2200109 4500
001 - CONTROL NUMBER
control field ART_41787
005 - DATE AND TIME OF LATEST TRANSACTION
control field 20260410161814.0
008 - FIXED-LENGTH DATA ELEMENTS--GENERAL INFORMATION
fixed length control field 260409a
100 1# - MAIN ENTRY--PERSONAL NAME
Personal name Saba, Roberto
245 10 - TITLE STATEMENT
Title La Academia Jurídica según Owen Fiss
773 0# - HOST ITEM ENTRY
Title Academia
Related parts - Año 12, Nº 24 (jul./dic. 2014)
Record control number REV4314

No hay ítems disponibles.